00365 a2200097 4500001001000000005001700010008004100027245002600068100002100094773015200115ART_3913720260410161934.0260409a 10aEl protocolo familiar1 aAimetta, Juan C.0 tBoletin del Consejo Profesional de Ciencias Económicas de la Provincia de Santa Fe (camara segunda)g- Año XXVII, Nº 326 (jun. 2016)wREV25058